000 00765nam a2200337Ia 4500
001 14
008 191123s9999 xx 000 0 und d
041 _aeng
041 _afre
041 _aspa
044 _aag
100 _aScarone, Mabel M.
260 _aBuenos Aires :
_bAcademia Nacional de Bellas Artes,
_c1969.
300 _a112 p.
_bfotos b/n
650 _aARGENTINA
650 _aARQUITECTURA
650 _aESTANCIAS
700 _aGazaneo, Jorge O.,
902 _aM
903 _am
904 _am
907 _aImpreso
911 _afotos b/n
912 _a1969
920 _an. 29
942 _cLIBRO
999 _c14
_d14
490 0 _aSerie Documentos de arte argentino. Cuadernos
245 0 _aEstancias :
_bII.
550 _afotos b/n